Obras completas.
Saved in:
| Hovedforfatter: | |
|---|---|
| Andre forfattere: | |
| Format: | Bog |
| Sprog: | engelsk |
| Udgivet: |
Madrid, España:
Aguilar,
1952.
|
| Udgivelse: | Segunda edición. |
| Fag: | |
| Tags: |
Tilføj Tag
Ingen Tags, Vær først til at tagge denne postø!
|
MARC
| LEADER | 00000nam a22000007a 4500 | ||
|---|---|---|---|
| 003 | CL-VaPUC | ||
| 005 | 20220822114604.0 | ||
| 008 | 220711t1952 ||||| |||| 00| 0 eng d | ||
| 999 | |c 436887 |d 436885 | ||
| 040 | |c Pontificia Universidad Católica de Valparaíso | ||
| 082 | |2 22 |a 843 MAU 1952 | ||
| 100 | |a Maupassant, Guy de, |9 864003 |d 1850-1893 |e autor | ||
| 245 | |a Obras completas. | ||
| 250 | |a Segunda edición. | ||
| 260 | |a Madrid, España: |b Aguilar, |c 1952. | ||
| 300 | |a 2 Tomos. | ||
| 500 | |a c.1 Tomo I: Donación Familia Prof. Alejandro Guzmán Brito. c.1 Tomo II: Donación Familia Prof. Alejandro Guzmán Brito. | ||
| 505 | |a t.I: Novelas - Relatos de viajes - Teatro - Poesía. t.II: Cuentos. | ||
| 583 | |c 20220711 |k Yessy Sthefany Diaz Vidal | ||
| 650 | 0 | |a Cuentos franceses |9 265569 | |
| 650 | 0 | |a Literatura francesa |9 266330 | |
| 700 | |a Ruiz Contreras, Luis |9 872623 |e ordenación |e traducción |e prólogo |e t.I |e t.II | ||
| 942 | |2 ddc |c BK |n 0 | ||
| 952 | |0 0 |1 0 |2 ddc |4 0 |6 843_000000000000000_MAU_1952 |7 0 |8 C_AGB |9 584614 |a BIBDER |b BIBDER |d 2022-07-11 |e Donación |h t.II |i 5652653 |o 843 MAU 1952 |p 5652653 |r 2023-01-25 |t 1 |w 2022-07-11 |y BK_US |k AGB | ||
| 952 | |0 0 |1 0 |2 ddc |4 0 |6 843_000000000000000_MAU_1952 |7 0 |8 C_AGB |9 584874 |a BIBDER |b BIBDER |d 2022-07-15 |e Donación |h t.I |i 5652842 |o 843 MAU 1952 |p 5652842 |r 2023-01-25 |t 1 |w 2022-07-15 |y BK_US |k AGB | ||